01821nab a2200253 ab450000500170000000800410001700300010005804000350005910000290009410000300012310000270015324501340018050600190031452008720033365300140120565000300121965300330124965300110128265300270129365300280132077301000134885600570144885600620150520260630064057.0260604b2025 sp fr poo| 0 0 spa d aMX-MxUPNbspacMX-MxUPNeaacr21 aÁlvarez Sousa, Antonio1 aAndrade Suárez, María1 aCaamaño Franco, Iria14aFake news y factores de descontento con la democracia :bopinión de los ciudadanos europeosh[recurso electrónico en línea]0 aAcceso abierto3 aEn el siglo xxi, las fake news (FN) y la falta de libertad de los medios de comunicación por presiones políticas y económicas erosionan la satisfacción de la ciudadanía con la democracia (SWD). El descontento con la democracia (DWD) no solo está condicionado por las FN y por la falta de libertad de los medios, sino también por factores sociales, económicos y políticos. Se emplearon datos del eurobarómetro y se aplicó la técnica de ecuaciones estructurales generalizadas (GSEM). Los resultados señalan la existencia de diferencias de SWD entre los ciudadanos que pueden explicarse por los factores clásicos (económicos, sociales y políticos) pero también por un nuevo factor que son las FN, las cuales influyen significativamente en el DWD de forma directa y a través de otras variables como la polarización política. cREIS 2aFake news 2aLibertad de información 4aDescontento con la democraca 4aCrisis aDiscusión política aModelo estado bienestar gNo. 192 (2025), p. 47-66tREIS: revista española de investigaciones sociológicasx1988-59034 uhttps://reis.cis.es/index.php/reis/article/view/24384 uhttps://reis.cis.es/index.php/reis/article/view/2438/2964